| 000 | 00987cab a22001935a 4500 | ||
|---|---|---|---|
| 001 | L154401 | ||
| 008 | 111125e20111118xxk 000 0 eng d | ||
| 035 | _a(Sirsi) u154401 | ||
| 041 | 0 | _aeng | |
| 100 | 1 | _aHopkinson, Matthew | |
| 245 | 0 | 0 | _aVacancy rates show gradual improvement |
| 260 | _c2011 | ||
| 490 | 0 |
_aProperty Week _v77(46) 18 November 2011, 36(1) |
|
| 520 | _aThe Local Data Company's analysis of 79 570 shop premises in 329 UK retail centres showed at 12.4% an improvement in Q3 2011 over the current national shop vacancy rate of 14.3%, helping to reduce the national vacancy rate by 0.2% since the beginning of 2011. The market trend is towards more vacancies in secondary centres and on the fringes of the larger centres. Tables cover the five worst and best centres, worst and best 12-month change, and the most and least churn. | ||
| 590 | _aKA | ||
| 651 | 4 |
_aUnited Kingdom _y |
|
| 690 | _aPROPERTY-COMMERCIAL PROPERTY-COMMERCIAL PROPERTY MARKET | ||
| 942 | _n0 | ||
| 999 |
_c83600 _d83600 |
||